| 000 | 00798nam a2200205 a 4500 | ||
|---|---|---|---|
| 003 | 0 | ||
| 005 | 20250429112652.0 | ||
| 008 | 970114s19uu xx 00 eng d | ||
| 050 |
_aPGS ML 3830 _b.B664 2003 |
||
| 100 | _aBocalan, Erika Amanda Simonde D. | ||
| 245 |
_aA study on the influence of music on the attitude of grade six students of Southville International School (SY 2002-2003) / _cErika Amanda Simonde D. Bocalan. |
||
| 260 |
_aLas PiƱas City, Philippines : _bSouthville International School and Colleges, _c2003. |
||
| 300 |
_a27 pages : _billustrations ; _c28 cm. |
||
| 504 | _aIncludes bibliographical references. | ||
| 650 |
_aMusic _vInfluence. |
||
| 650 |
_aMusic _vPsychological aspects. |
||
| 650 | _aMusic and youth. | ||
| 650 | _aMusic and emotions. | ||
| 942 |
_2lcc _cPASS |
||
| 999 |
_c96838 _d96838 |
||